| 000 | 01270cam a2200229 4500 | ||
|---|---|---|---|
| 001 | J118302 | ||
| 008 | 020131n2002 000 0 eng u | ||
| 022 | _a1354-506X | ||
| 035 | _a(Sirsi) u118302 | ||
| 041 | _aeng | ||
| 050 |
_a599.4 _c18 |
||
| 100 | _aFenn, Peter | ||
| 245 | 3 | _aAn investigation of the problems caused to the construction industry in the United Kingdom by bats | |
| 260 |
_aLondon _bRICS Foundation _c2002 |
||
| 490 |
_aRICS Foundation Research Papers _v4(11) |
||
| 520 | _aPaper outlining the protection afforded to bats and their roosts and how many everyday construction operations may disturb bats and their roosts can be illegal. The need for liaison with the relevant statutory bodies is emphasised and the detection techniques available for discovering bats are described. Suggests construction techniques sympathetic to bats in two areas: programming to minimise disturbance, and the use of materials and techniques beneficial, or at least benign to bats | ||
| 650 | _aBATS | ||
| 690 | _aBUILT ENVIRONMENT | ||
| 710 |
_aRoyal Institution of Chartered Surveyors _bFoundation _94173 |
||
| 856 |
_uhttps://www.rics.org/site/download_feed.aspx?fileID=2151&fileExtension=PDF _vView this document for free at www.rics.org... |
||
| 942 | _n0 | ||
| 999 |
_c102122 _d102122 |
||